La Rome antique en images - Statistiques

Statistiques générales
  • Ce quiz a été pris 7 945 fois
  • Le résultat moyen est 12 sur 18
Statistiques - réponses
Par images Hint Réponse % Correct
Homme d'État Jules César
98%
Amphithéâtre Colisée
93%
Bande dessinée Astérix
92%
Fondateur Romulus
92%
Film Gladiator
90%
Volcan Vésuve
85%
Empereur Auguste
79%
Art décoratif Mosaïque
77%
Institution Sénat
73%
Bataille Siège d'Alésia
68%
Devise SPQR
62%
Fortification Mur d'Hadrien
52%
Temple Panthéon
50%
Esclave / Révolté Spartacus
49%
Place Forum
40%
Aqueduc Pont du Gard
39%
Locution latine "Alea jacta est"
35%
Colline Mont Palatin
33%
Aucun quiz correspondant
Distribution des résultats
% des personnes avec chaque résultat
Percentile par nombre de réponses
Votre historique - résultats
Vous n’avez pas pris ce quiz